Taylor Swift mystery lyrics #114 - Statistics

General Stats
  • This quiz has been taken 47 times
  • The average score is 171 of 245
Answer Stats
Answer % Correct
I
97%
you
97%
a
95%
an
92%
your
92%
and
89%
And
89%
me
89%
it
86%
the
86%
to
86%
be
84%
so
84%
that
84%
That
84%
you're
84%
are
81%
I'm
81%
is
81%
my
81%
too
81%
in
78%
it's
78%
It's
78%
for
76%
love
76%
Now
76%
now
76%
of
76%
on
76%
this
76%
This
76%
when
76%
her
73%
horse
73%
late
73%
Say
73%
white
73%
'cause
70%
'Cause
70%
Oh
70%
was
70%
who
70%
As
68%
know
68%
like
68%
not
68%
all
65%
but
65%
come
65%
just
65%
Just
65%
off
65%
one
65%
there
65%
around
62%
catch
62%
had
62%
have
62%
sorry
62%
time
62%
up
62%
always
59%
down
59%
out
59%
back
57%
fairytale
57%
got
57%
town
57%
you'll
57%
ain't
54%
angel
54%
comes
54%
face
54%
girl
54%
gonna
54%
Hollywood
54%
many
54%
princess
54%
small
54%
about
51%
believed
51%
days
51%
didn't
51%
dreams
51%
Lead
51%
need
51%
never
51%
Try
51%
Well
51%
well
51%
before
49%
eyes
49%
let
49%
should've
49%
wanted
49%
went
49%
big
46%
dreamer
46%
feet
46%
fight
46%
find
46%
forth
46%
hand
46%
Happy
46%
honestly
46%
someone
46%
world
46%
Begging
43%
begging
43%
endings
43%
knees
43%
known
43%
paced
43%
someday
43%
stupid
43%
treat
43%
upper
43%
actually
41%
chance
41%
forgiveness
41%
lost
41%
Maybe
41%
naive
41%
really
41%
stairwell
41%
might
38%
sweep
38%
disappearing
35%
Holdin'
35%
mirror
35%
mistake
35%
rear-view
30%
drag
27%
No matching quizzes found
Score Distribution
Percent of People with Each Score
Percentile by Number Answered
Your Score History
You have not taken this quiz